000 00580nam a2200205Ia 4500
005 20250923145336.0
008 008 250917s9999 xx 000 0 eng d
037 _aTextual
040 _aDSWL
_beng
_cDSWL
041 _aeng
_2eng
084 _aY0aYX, N70;1
_qDSWL
100 _aHeraud, Brain J.
_9834258
245 0 _aSociology and social work
_c by Brain J. Heraud
260 _aOxford
_bPergamon Press Ltd.
_c1970
300 _axii,306p.
365 _aINR
_b26 . 6
925 _g26 . 6
942 _cTEXL
_hY0aYX, N70;1
999 _c1450206
_d1450206